000 00461nam a2200157Ia 4500
008 160316s1997 xxu||||| |||| 00| 0 eng d
082 _a347.090000
_bRAO
100 _aRao P C
245 _aAlternative disputes resolution : What it is and how it works
250 _a
260 _aDelhi
_bUniversal Law Publishing Co.Pvt.Ltd.
_c1997
300 _a448p
_b
_c
365 _bRs.350/-
650 _a1.Alternative Disputes Resolution
700 _aShefield William
_a
999 _c11917
_d11917